Ukrajinské reformy – ani zázrak, ani katastrofa

Rok 2018 je piatym rokom v rade, kedy sa ukrajinská ekonomika skutočne mení smerom k fungujúcej trhovej ekonomike. Proces je ťažký, plný problémov a kontroverzií, ale napriek tomu sa dá povedať, že od Euromajdanu bolo urobené oveľa viac ako predtým za vyše 20 rokov. Dokonca to platí už aj za prvé dv...

Descripción completa

Guardado en:
Detalles Bibliográficos
Autor principal: Mikloš, Ivan
Formato: Capítulo de libro
Lenguaje:eslovaco
Materias:
Etiquetas: Agregar Etiqueta
Sin Etiquetas, Sea el primero en etiquetar este registro!

MARC

LEADER 00000nla a2200000 4500
001 0246485
005 20240417075142.1
041 0 |a slo 
044 |a SK 
245 1 0 |a Ukrajinské reformy – ani zázrak, ani katastrofa  |c Ivan Mikloš 
520 |a Rok 2018 je piatym rokom v rade, kedy sa ukrajinská ekonomika skutočne mení smerom k fungujúcej trhovej ekonomike. Proces je ťažký, plný problémov a kontroverzií, ale napriek tomu sa dá povedať, že od Euromajdanu bolo urobené oveľa viac ako predtým za vyše 20 rokov. Dokonca to platí už aj za prvé dva roky, 2014 a 2015. Zároveň je ale pravda, že ešte stále nebolo urobené dosť nato, aby mohol byť reformný proces považovaný za nezvratný. To je tiež dôvod, prečo sú tento a budúci rok také dôležité a ťažké – v roku 2019 čakajú Ukrajinu prezidentské aj parlamentné voľby. 
610 2 0 |a Ukrajina 
610 2 0 |a reformy hospodárske 
610 2 0 |a reformy štruktúrne 
610 2 0 |a korupcia 
610 2 0 |a privatizácia 
100 1 |a Mikloš, Ivan